000 00748nam a2200217 i 4500
003 DO-SdBNP
005 20240916141322.0
007 ta
008 240916b1917 cu abc|| |||| 00| 0 spa d
040 _aDO-SdBNP
_bspa
_cBNPHU
_erda4
082 4 _222
111 _aConcurso Internacional para la erección de un monumento
_cLa Habana, Cuba)
_d(9 de mayo 1916:
_986588
245 0 0 _aMonumento al mayor general Máximo Gómez
264 _aLa Habana, Cuba :
_bImprenta P. Fernández y Ca.,
_c1917.
300 _a53, 34 páginas :
_bilustraciones, retratos, páginas ;
_c33 cm.
336 _atexto
_btxt
_2rdacontent
337 _asin mediación
_bn
_2rdamedia
338 _avolumen
_bnc
_2rdacarrier
590 _aInventariado, 2024/BT
942 _2ddc
_cLBS1
999 _c57693
_d57693